| 000 | 00414nam a22001697a 4500 | ||
|---|---|---|---|
| 003 | CEME | ||
| 005 | 20210628204123.0 | ||
| 008 | 210309b xxu||||| |||| 00| 0 eng d | ||
| 020 | _a81-85814-24-4 | ||
| 040 | _c. | ||
| 082 | _a658 BAG'T | ||
| 100 |
_aBagchi, T. P _968837 |
||
| 245 | _aIso-9000 , concepts methods and implementation | ||
| 260 |
_aNEWDELHI _bWHEELAR _c1994 |
||
| 300 | _a408P | ||
| 942 |
_cBK _2ddc |
||
| 999 |
_c576295 _d576295 |
||